Internationale Politik und Gesellschaft (Record no. 285)

MARC details
000 -LEADER
fixed length control field 00465nam a22001577a 4500
008 - FIXED-LENGTH DATA ELEMENTS--GENERAL INFORMATION
fixed length control field 230605b xxu||||| |||| 00| 0 eng d
041 ## - LANGUAGE CODE
Language code of original de
082 ## - DEWEY DECIMAL CLASSIFICATION NUMBER
Classification number 327
Item number INT
110 ## - MAIN ENTRY--CORPORATE NAME
Date of meeting or treaty signing 2010
245 ## - TITLE STATEMENT
Title Internationale Politik und Gesellschaft
Remainder of title International Politics and Society
Statement of responsibility, etc. Internationale Politik und Gesellschaft
260 ## - PUBLICATION, DISTRIBUTION, ETC. (IMPRINT)
Place of publication, distribution, etc. Germany
Name of publisher, distributor, etc. Velag J.H.W Dietz Nachfolger GmbH
Date of publication, distribution, etc. 2010
300 ## - PHYSICAL DESCRIPTION
Extent 145 p
440 ## - SERIES STATEMENT/ADDED ENTRY--TITLE
Volume/sequential designation 1
International Standard Serial Number 09452419
546 ## - LANGUAGE NOTE
Language note Germany
942 ## - ADDED ENTRY ELEMENTS (KOHA)
Source of classification or shelving scheme Dewey Decimal Classification
Koha item type Books

No items available.

LIBRARY OPENING HOURS

When the Parliament is sitting: 8.00a.m - 7.00p.m or until the house adjourns
Mondays and Fridays and when the House is on Recess:  8.00a.m - 5.00p.m
Closed on Weekends and Public Holidays

Online Public Access Catalog (OPAC)
Website: http://www.parliament.go.ke
Bunge Library: https://libraryir.parliament.go.ke
Contact: library@parliament.go.ke | Tel no: (254-2)2221291 or 2848000 Ext 5043